Miroslav Hlaváč /

Hlavní autor: Slavický, Milan, 1947-2009
Jazyk: Němčina
Vydáno: Praha : Musikinformationszentrum des Tschechischen Musikfonds, 1975
Fyzický popis: 1 složený list
Language note: Německý text, přeloženo z češtiny
Knihy
Uloženo v:
LEADER 00816nam a22002412i 4500
001 001542279
003 CZ BrMZK
005 20160908065105.0
007 ta
008 160908s1975 xr er|||||||||||ger d
040 |a BOA001  |b cze  |e rda 
080 9 |a 78.071.1(437.1)"19":92 Hlaváč 
100 1 |a Slavický, Milan,  |d 1947-2009  |7 jk01111815  |4 aut 
245 1 0 |a Miroslav Hlaváč /  |c Milan Slavický 
264 1 |a Praha :  |b Musikinformationszentrum des Tschechischen Musikfonds,  |c 1975 
300 |a 1 složený list 
336 |a text  |b txt  |2 rdacontent 
337 |a bez média  |b n  |2 rdamedia 
338 |a svazek  |b nc  |2 rdacarrier 
546 |a Německý text, přeloženo z češtiny 
910 |a BOA001  |b X-0884.703 
990 |a BK 
996 6 |b 2619171486  |c X-0884.703  |l MZK  |r Sklad / do 24 hodin  |n 0  |w 001577374  |u 000010  |a 1  |e BOA001  |j MZK50  |s P